logo

Bir Sreshtho Munshi Abdur Rouf Library
Jhenaidah Cadet College

The little Oxford dictionary of current English / (Record no. 9977)

MARC details
000 -LEADER
fixed length control field 00830cam a2200277 i 4500
001 - CONTROL NUMBER
JCCL Control Number 9977
003 - CONTROL NUMBER IDENTIFIER
JCCL marc code BD-JhCC
005 - DATE AND TIME OF LATEST TRANSACTION
control field 20180404120721.0
008 - FIXED-LENGTH DATA ELEMENTS--GENERAL INFORMATION
fixed length control field 180404s1980 enk d 000 0 eng
020 ## - INTERNATIONAL STANDARD BOOK NUMBER
International Standard Book Number 0198611285
035 ## - SYSTEM CONTROL NUMBER
system control number (BD-JhCC) 9977
040 ## - CATALOGING SOURCE
Original cataloging agency DLC
Transcribing agency DLC
Modifying agency DLC
041 ## - LANGUAGE CODE
Language code of Book eng
050 00 - LIBRARY OF CONGRESS CALL NUMBER
Classification number PE1628
Item number .O7 1980
082 00 - DEWEY DECIMAL CLASSIFICATION NUMBER
Classification number 423
Author mark and Year OST 1980
100 1# - MAIN ENTRY--PERSONAL NAME
Personal name Ostler, George,
Dates associated with a name -1929.
245 14 - TITLE STATEMENT
Title The little Oxford dictionary of current English /
Statement of responsibility, etc first edited by George Ostler.
250 ## - EDITION STATEMENT
Edition statement 5th ed. /
260 ## - PUBLICATION, DISTRIBUTION, ETC. (IMPRINT)
Place of publication, distribution, etc Oxford :
Name of publisher, distributor, etc Clarendon Press ;
Place of publication, distribution, etc New York :
Name of publisher, distributor, etc Oxford University Press,
Date of publication, distribution, etc 1980.
300 ## - PHYSICAL DESCRIPTION
Pagination 684p. ;
Dimensions 14 cm.
650 #0 - SUBJECT ADDED ENTRY--TOPICAL TERM
Topical term or geographic name as entry element English language
Chronological subdivision 20th century
General subdivision Dictionaries.
650 #0 - SUBJECT ADDED ENTRY--TOPICAL TERM
Topical term or geographic name as entry element English language
General subdivision New words
-- Dictionaries.
700 1# - ADDED ENTRY--PERSONAL NAME
Personal name Swannell, Julia.
942 ## - ADDED ENTRY ELEMENTS (KOHA)
Source of classification or shelving scheme Dewey Decimal Classification
Koha item type Reference
Holdings
Source of classification or shelving scheme Damaged status Not for loan Home library Current library Shelving location Date of accession Total Checkouts Full call number Barcode Date last seen Copy number Koha item type
Dewey Decimal Classification     JCC Rouf Library JCC Rouf Library General Stacks 04/04/2018   423 OST 1980 12962 04/04/2018 C-1 Reference
Dewey Decimal Classification     JCC Rouf Library JCC Rouf Library General Stacks 04/04/2018   423 OST 1980 12676 04/04/2018 C-2 Reference

JCC Library | Contacts | JCC Home

Last Update on 23 September 2017
Copyright @ 2017-2020 JCC Rouf Library
Rouf Library, Jhenidah Cadet College (JCC), Bangladesh